书目信息 |
| 题名: |
70年代生人
|
|
| 作者: | 伍士心 编著 | |
| 分册: | ||
| 出版信息: | 北京 中国书店 2005.12 |
|
| 页数: | 208页 | |
| 开本: | 24cm | |
| 丛书名: | 70年代生人图书系列 | |
| 单 册: | ||
| 中图分类: | J905.2 | |
| 科图分类: | ||
| 主题词: | 文艺评论--wen yi ping lun--世界 , 电影 , 电视--艺术 | |
| 电子资源: | ||
| ISBN: | 7-80663-330-8 | |
| 000 | 00877nam 2200277 45 | |
| 001 | 212004041641 | |
| 005 | 20110525101226.43 | |
| 010 | @a7-80663-330-8@dCNY24.80 | |
| 100 | @a20090901d2005 ekmy0chiy0121 ea | |
| 101 | 0 | @achi |
| 102 | @aCN@b110000 | |
| 105 | @aa z 000yy | |
| 106 | @ar | |
| 200 | 1 | @a70年代生人@A70 nian dai sheng ren@e卡通@f伍士心编著@Fwu shi xin bian zhu |
| 210 | @a北京@c中国书店@d2005.12 | |
| 215 | @a208页@c图@d24cm | |
| 225 | 2 | @a70年代生人图书系列@A70 nian dai sheng ren tu shu xi lie |
| 330 | @a本书主要介绍了动画片包括小蝌蚪找妈妈、护理打猎人、三个和尚、三毛流浪记等。 | |
| 410 | 0 | @12001 @a70年代生人图书系列 |
| 606 | 0 | @a文艺评论@Awen yi ping lun@y世界 |
| 606 | 0 | @a电影 |
| 606 | 0 | @a电视@x艺术 |
| 690 | @aJ905.2@v4 | |
| 701 | 0 | @a伍士心@Awu shi xin@4编著 |
| 801 | 0 | @aCN@b海天@c20110525 |
| 905 | @a@dJ905.2@eW9411@fI106/R5301 | |
| 70年代生人:卡通/伍士心编著.-北京:中国书店,2005.12 |
| 208页:图;24cm.-(70年代生人图书系列) |
| ISBN 7-80663-330-8:CNY24.80 |
| 本书主要介绍了动画片包括小蝌蚪找妈妈、护理打猎人、三个和尚、三毛流浪记等。 |
| ● |
| 相关链接 |
|
|
|
正题名:70年代生人
索取号:J905.2/W9411
 
预约/预借
| 序号 | 登录号 | 条形码 | 馆藏地/架位号 | 状态 | 备注 |
| 1 | 876596 | 208765969 | 社科库309/309社科库 97排4列2层/ [索取号:J905.2/W9411] | 在馆 | |
| 2 | 876597 | 208765978 | 社科库309/309社科库 97排4列2层/ [索取号:J905.2/W9411] | 在馆 | |
| 3 | 876598 | 208765987 | 社科库309/309社科库 97排4列2层/ [索取号:J905.2/W9411] | 在馆 | |
| 4 | 876599 | 208765996 | 社科库309/309社科库 97排4列2层/ [索取号:J905.2/W9411] | 在馆 | |
| 5 | 876600 | 208766003 | 社科库309/309社科库 97排4列2层/ [索取号:J905.2/W9411] | 在馆 |